Disclosure Practices of Insurance Companies Enlisted in Dhaka Stock Exchange : (Record no. 83358)
[ view plain ]
| 000 -LEADER | |
|---|---|
| fixed length control field | 01088nam a2200253 a 4500 |
| 001 - CONTROL NUMBER | |
| RUCL Control Number | 83358 |
| 003 - CONTROL NUMBER IDENTIFIER | |
| rucl marc code | BD-RjUL |
| 005 - DATE AND TIME OF LATEST TRANSACTION | |
| control field | 20240314112610.0 |
| 008 - FIXED-LENGTH DATA ELEMENTS--GENERAL INFORMATION | |
| fixed length control field | 240314s2011 bg a|||| m||| 00| 0 eng d |
| 035 ## - SYSTEM CONTROL NUMBER | |
| system control number | (BD-RjUL)83358 |
| 040 ## - CATALOGING SOURCE | |
| Original cataloging agency | BD-RjUL |
| Language of cataloging | eng |
| Transcribing agency | BD-RjUL |
| Modifying agency | BD-RjUL |
| 041 ## - LANGUAGE CODE | |
| Language code of Book | eng |
| 082 ## - DEWEY DECIMAL CLASSIFICATION NUMBER | |
| DDC Edition number | 23 |
| Classification number | 368.00655492 |
| Author mark and Year | SID 2011 |
| 100 ## - MAIN ENTRY--PERSONAL NAME | |
| Personal name | Siddique, Md. Abu Bokar |
| 9 (RLIN) | 12330 |
| 245 10 - TITLE STATEMENT | |
| Title | Disclosure Practices of Insurance Companies Enlisted in Dhaka Stock Exchange : |
| Remainder of title | An Evaluation / |
| Statement of responsibility, etc | By Md. Abu Bokar Siddique ; |
| Name of Supervisor/Co-Supervisor | Supervisor : Abhinaya Chandra Saha, Co-Supervisor : Madan Mohan Dey |
| 260 ## - PUBLICATION, DISTRIBUTION, ETC. (IMPRINT) | |
| Place of publication, distribution, etc | Rajshahi : |
| Name of publisher, distributor, etc | Department of Accounting & Infomation Systems, University of Rajshahi, |
| Date of publication, distribution, etc | 2011 |
| 300 ## - PHYSICAL DESCRIPTION | |
| Pagination | xviii, 173, xxi, Leaves |
| Other physical details | ill, ; |
| Dimensions | 29 cm. |
| 502 ## - DISSERTATION NOTE | |
| Dissertation note | Thesis (Ph. D.) -- Department of Accounting & Infomation Systems, University of Rajshahi, 2011 |
| 504 ## - BIBLIOGRAPHY, ETC. NOTE | |
| Bibliography, etc | References : Leaves 164-173 |
| 650 ## - SUBJECT ADDED ENTRY--TOPICAL TERM | |
| Topical term or geographic name as entry element | Insurance Companies |
| Form subdivision | Disclosure Practices |
| 9 (RLIN) | 12331 |
| 700 ## - ADDED ENTRY--SUPERVISOR/CO-SUPERVISOR NAME | |
| Personal name | Saha, Abhinaya Chandra, Supervisor |
| 9 (RLIN) | 1668 |
| Personal name | Dey, Madan Mohan, Co-Supervisor |
| 942 ## - ADDED ENTRY ELEMENTS (KOHA) | |
| Source of classification or shelving scheme | Dewey Decimal Classification |
| Koha item type | Theses |
| Source of classification or shelving scheme | Damaged status | Not for loan | Collection code | Permanent Location | Current Location | Shelving location | Date of accession | Source of acquisition | Total Checkouts | Full call number | Barcode | Date last seen | Copy number | Thesis |
|---|---|---|---|---|---|---|---|---|---|---|---|---|---|---|
| Dewey Decimal Classification | Not For Loan | Theses | Central Library, University of Rajshahi | Central Library, University of Rajshahi | Documentation Section | 11/11/2012 | Controller of Exam. R. U. | THE 368.00655492 SID 2011 | D3370 | 14/03/2024 | C-I | Theses |